| 000 | 01609nam a2200313 a 4500 | ||
|---|---|---|---|
| 001 | BRCA_3195 | ||
| 005 | 20190320204146.0 | ||
| 008 | 180209s1729----enka---###---#000-0#eng-u | ||
| 041 | _aeng | ||
| 044 | _aenk | ||
| 084 |
_a497 _b.M539 _c1729 |
||
| 100 | 1 |
_aCervantes Saavedra, Miguel de _d1547-1616 _9213 |
|
| 245 | 1 | 0 |
_aThe Most Admirable and Delighful History of the Atchievements of Don Quixote de la Mancha _bContaining his Many Wonderful Adventures, Noble Exploits and Undanted Endgagements for the Matchless Princess Dulcinea del Toboso; With the Various Occurences that Attended his Love and Arms to his Death Likewise the Merry Humours of his Unfortunate Squire Sancho Pancha Who Followed the Chimerical Knight in all his Encounters _cMiguel de Cervantes. |
| 260 |
_aLondres _bE. Midwinter _c1729 |
||
| 300 |
_a167 p. _bil. _c15 cm. |
||
| 500 | _aContenido : Primera parte. Texto. Segunda parte. Texto | ||
| 500 | _aEdición : Illustrated With Humours Cuts Done From the Spanish Edition | ||
| 500 | _aTraducción compendiada por un abreviador anónimo. Piel Lúdovik Osterc | ||
| 500 | _aEstado físico : Ejemplar maltratado, encuadernación a punto de desprenderse | ||
| 500 | _aCon ex - libris de : Earl Limerick | ||
| 546 | _aTexto en : inglés | ||
| 650 | 1 | 4 |
_aNovela española _yÉpoca clásica, 1500-1700 _9215 |
| 650 | 1 | 4 |
_aLiteratura española _yÉpoca clásica, 1500-1700 _9216 |
| 650 | 1 | 4 |
_aNovela española _ySiglo XVII _9217 |
| 650 | 1 | 4 |
_aDon Quijote (Personaje ficticio) _eNovela _9218 |
| 740 | 0 | _aEl Ingenioso Hidalgo Don Quijote de la Mancha | |
| 902 | _aQFM | ||
| 942 |
_2lcc _cB |
||
| 999 |
_c2931 _d2931 |
||